|
|
|
|
| LEADER |
00000nam a2200000 4500 |
| 001 |
CDOM0000001188 |
| 003 |
mi |
| 005 |
20250908145519.0 |
| 008 |
250908b |||||||| |||| 00| 0 eng d |
| 020 |
|
|
|a 325100123X
|
| 040 |
|
|
|c mi
|
| 100 |
|
|
|a Heidelbach, Nikolaus
|
| 245 |
1 |
|
|a Einige Männer /
|c Nikolaus Heidelbach
|
| 260 |
|
|
|a Zürich
|b Haffmans
|c 1988
|
| 300 |
|
|
|a 22 p. Di tav. (col.)
|c 29 cm.
|
| 942 |
|
|
|2 ddc
|c BK
|
| 952 |
|
|
|0 0
|1 0
|2 ddc
|4 0
|6 B_APT01HEINIEIN11
|7 0
|9 8225
|a MI
|b MI
|d 2005-08-25
|i 4718
|l 0
|o B-APT01-HEINI-EIN11
|p CDOM4718
|r 2025-07-17 21:50:00
|w 2025-07-17
|x ACQUISTO
|y BK
|
| 999 |
|
|
|c 6885
|d 6885
|